1904 Olympics St Louis, United States - Statistics

General Stats
  • This quiz has been taken 7 times
  • The average score is 10 of 13
Answer Stats
Total Gold Silver Bronze Nation % Correct
4 0 3 1 Australia
100%
6 4 1 1 Canada
100%
1 0 1 0 France
100%
15 4 5 6 Germany
100%
2 1 1 0 Great Britain
100%
234 77 79 78 United States
100%
3 1 1 1 Austria
83%
2 1 0 1 Greece
83%
3 2 0 1 Switzerland
83%
2 2 0 0 Norway
50%
3 3 0 0 Cuba
33%
4 2 1 1 Hungary
33%
1 0 0 1 Mixed Team
0%
No matching quizzes found
Score Distribution
Percent of People with Each Score
Percentile by Number Answered
Your Score History
You have not taken this quiz